|
|
|
|
| LEADER |
00000nab a2200000 a 4500 |
| 001 |
vtls000596156 |
| 003 |
SK-MaSNL |
| 005 |
20260304090151.0 |
| 008 |
250425c1995 xo 0 slo |
| 015 |
|
|
|a SNBRB19rr/mm-uuuuu
|
| 035 |
|
|
|a CL0596295
|
| 035 |
|
|
|a urn:nbn:sk:snk-aba6oi
|
| 035 |
|
|
|a (urnnbn)urn:nbn:sk:snk:ar-a09igf
|
| 035 |
|
|
|a (uuid)78b13a6f-589d-4cef-8fb2-ad8b95d2c111
|
| 040 |
|
|
|a SNKBUCL
|b slo
|c SNKBUCL
|e AACR2
|
| 041 |
0 |
|
|a slo
|
| 044 |
|
|
|a xo
|c SK
|
| 080 |
|
|
|a 904(477)"07/12":902
|2 1981
|
| 080 |
|
|
|a 902
|2 1981
|
| 100 |
1 |
|
|a Vlkolinská, Ivona
|4 aut
|9 8846
|
| 245 |
1 |
0 |
|a Suchobokov, O. V.: Dniprovske lisostepove Livobrežžia v 8.-13. st.
|c Ivona Vlkolinská
|
| 650 |
0 |
7 |
|a osídlenie slovanské
|2 snkbucl
|9 921796
|
| 651 |
|
7 |
|a Dneper (Rusko : rieka)
|2 snkbucl
|9 161175
|
| 655 |
|
7 |
|a články z novín a časopisov
|2 snkbucl
|9 267496
|
| 773 |
0 |
|
|t Slovenská archeológia
|g Roč. 43, č. 2 (1995), s. 351-353
|
| 787 |
0 |
8 |
|i Rec.:
|a Suchobokov, O. V.
|t Dniprovske lisostepove Livobrežžia v 8.-13. st.
|d Kijyv, 1992
|
| 850 |
|
|
|a Slovenská národná knižnica
|
| 852 |
|
|
|a Slovenská národná knižnica
|
| 954 |
|
|
|a odborná, vedecká literatúra pôvodná (slovenská)
|2 lita
|
| 958 |
|
|
|a article13
|
| 958 |
|
|
|a OND
|
| 958 |
|
|
|a RK
|
| 958 |
|
|
|a UK
|
| 958 |
|
|
|a EUIPO
|
| 992 |
|
|
|a RBX
|
| 999 |
|
|
|c 2810539
|d 2812469
|